Bodegas II = Wineries II. : (Registro nro. 11921)
| 000 -CABECERA | |
|---|---|
| campo de control de longitud fija | 00915cam a22002652 4500 |
| 001 - NÚMERO DE CONTROL | |
| campo de control | 0000011687 |
| 005 - FECHA Y HORA DE LA ÚLTIMA TRANSACCIÓN | |
| campo de control | 20220502110749.0 |
| 008 - DATOS DE LONGITUD FIJA--INFORMACIÓN GENERAL | |
| campo de control de longitud fija | 070207s2006 xxa 000 0 spa d |
| 020 ## - NÚMERO INTERNACIONAL ESTÁNDAR DEL LIBRO | |
| Número Internacional Estándar del Libro | 8496304671 |
| 040 ## - FUENTE DE LA CATALOGACIÓN | |
| Centro catalogador/agencia de origen | Taller 5 |
| 041 1# - CÓDIGO DE LENGUA | |
| Código de lengua del texto/banda sonora o título independiente | spa |
| 100 1# - ENTRADA PRINCIPAL--NOMBRE DE PERSONA | |
| Nombre de persona | Corcuera, Antonio. |
| 9 (RLIN) | 100392 |
| 245 10 - MENCIÓN DE TÍTULO | |
| Título | Bodegas II = Wineries II. : |
| Resto del título | arquitectura y diseño / |
| Mención de responsabilidad, etc. | editado por Antonio Corcuera. |
| 250 ## - MENCIÓN DE EDICIÓN | |
| Mención de edición | 1a. ed. |
| 260 ## - PUBLICACIÓN, DISTRIBUCIÓN, ETC. | |
| Lugar de publicación, distribución, etc. | Madrid : |
| Nombre del editor, distribuidor, etc. | H Kliczkowski - Onlybook, |
| Fecha de publicación, distribución, etc. | 2006. |
| 300 ## - DESCRIPCIÓN FÍSICA | |
| Extensión | 215 p. : |
| Otras características físicas | il. ; |
| Dimensiones | 25 cm. |
| 500 ## - NOTA GENERAL | |
| Nota general | Colección Externa (Diseño de Interiores) |
| 590 ## - NOTA LOCAL (RLIN) | |
| Nota local | 200701 |
| 590 ## - NOTA LOCAL (RLIN) | |
| Nota local | TECNICA PROFESIONAL EN DISEÑO DE INTERIORES |
| 650 #0 - PUNTO DE ACCESO ADICIONAL DE MATERIA--TÉRMINO DE MATERIA | |
| Término de materia o nombre geográfico como elemento de entrada | ALMACENES GENERALES DE DEPOSITO |
| Subdivisión general | ARQUITECTURA. |
| 9 (RLIN) | 100393 |
| 650 #0 - PUNTO DE ACCESO ADICIONAL DE MATERIA--TÉRMINO DE MATERIA | |
| Término de materia o nombre geográfico como elemento de entrada | ALMACENES GENERALES DE DEPOSITO |
| Subdivisión general | DISEÑO. |
| 9 (RLIN) | 100394 |
| 700 1# - ENTRADA AGREGADA--NOMBRE PERSONAL | |
| Nombre de persona | Corcuera, Antonio., |
| Término indicativo de función/relación | Ed. |
| 9 (RLIN) | 100395 |
| 908 ## - COLOCAR PARÁMETRO DE COMANDO (RLIN) | |
| Colocar parámetro de comando | 070207 |
| Estado de retiro | Estado de pérdida | Estado dañado | No para préstamo | Código de colección | Localización permanente | Ubicación/localización actual | Fecha de adquisición | Total de préstamos | Signatura topográfica completa | Código de barras | Fecha visto por última vez | Número de copia | Precio válido a partir de | Tipo de ítem Koha |
|---|---|---|---|---|---|---|---|---|---|---|---|---|---|---|
| Colección General | Taller 5 | Taller 5 | 29/04/2022 | 725.35 C67 | T50011538 | 29/04/2022 | Ej.1 | 29/04/2022 | Libro-General |





